Mi joven y romántico corazón /
La amistad, el amor, la rebeldía, la inseguridad, el entusiasmo y muchas otras emociones propias del alma adolescente aparecen manifiestas en estos versos sencillos. Se expresan en forma de poemas, cartas, reflexiones y mensajes secretos, como suelen escribir los jóvenes cuando quieren expresar sus...
Guardado en:
| Autor Principal: | |
|---|---|
| Otros Autores: | |
| Formato: | Libro |
| Idioma: | Undetermined |
| Publicado: |
Buenos Aires :
Sigmar,
2000.
|
| Series: | Sueños de papel
|
| Materias: | |
| Etiquetas: |
Agregar Etiqueta
Sin Etiquetas, Sea el primero en etiquetar este registro!
|
| LEADER | 00946nam a22002055a 4500 | ||
|---|---|---|---|
| 001 | CEM.cems020980 | ||
| 008 | 240408s2000####ag############000#0#und#d | ||
| 005 | 20240408163258.0 | ||
| 245 | 1 | 0 | |a Mi joven y romántico corazón / |c Susana Martín ; ilustrado por Vladimiro Merino. |
| 260 | |a Buenos Aires : |b Sigmar, |c 2000. | ||
| 300 | |a 72 p. | ||
| 490 | 1 | |a Sueños de papel | |
| 520 | |a La amistad, el amor, la rebeldía, la inseguridad, el entusiasmo y muchas otras emociones propias del alma adolescente aparecen manifiestas en estos versos sencillos. Se expresan en forma de poemas, cartas, reflexiones y mensajes secretos, como suelen escribir los jóvenes cuando quieren expresar sus sentimientos. | ||
| 020 | |a 9501115097 | ||
| 100 | 1 | |a Martín, Susana. | |
| 700 | 1 | |a Merino, Vladimiro; il. | |
| 653 | |a Literatura juvenil | ||
| 653 | |a Literatura argentina | ||
| 653 | |a Poesía | ||
| 859 | |a CEMS |b BIB. CEMS - Inicial y Primaria |h A861.4 |i M363 |k IP |p 2410 |t Ej.1 | ||
